| 000 | 01035cam a2200277 a 4500 | ||
|---|---|---|---|
| 999 |
_c128859 _d128859 |
||
| 001 | 3977684 | ||
| 003 | ARRUPE | ||
| 005 | 20190130103139.0 | ||
| 008 | 950213s1995 ilu b 001 0 eng | ||
| 010 | _a 95006430 | ||
| 020 | _a0830818553 (alk. paper) | ||
| 040 |
_aDLC _cDLC _dDLC |
||
| 050 | 0 | 0 |
_aBR115.C8 _bA33 1995 |
| 082 | 0 | 0 |
_a241 _220 |
| 100 | 1 |
_aAdeney, Bernard T., _d1948- _944268 |
|
| 245 | 1 | 0 |
_aStrange virtues : _bethics in multicultural world / _cBernard T. Adeney. |
| 260 |
_aDowners Grove, Ill. : _bInterVarsity Press, _cc1995. |
||
| 300 |
_a286 p. ; _c24 cm. |
||
| 504 | _aIncludes bibliographical references (p.[259]-281) and index. | ||
| 650 | 0 |
_aChristianity and culture. _944269 |
|
| 650 | 0 |
_aEthics, Comparative. _938738 |
|
| 650 | 0 |
_aChristian ethics. _944270 |
|
| 906 |
_a7 _bcbc _corignew _d1 _eocip _f19 _gy-gencatlg |
||
| 942 |
_2lcc _cMONOGRAPH |
||